000 00326nam a22001337a 4500
008 190225b xxu||||| |||| 00| 0 eng d
020 _a013290148
041 _aeng
080 _22nd
_a338
100 _a52
101 _aMNG
245 _aEthical Issues in Business. A Philosophical Approach
_cDonaldson, Th
942 _2udc
_cBK
999 _c54180
_d54180